Direito constitucional da empresa (Registro nro. 303598)

Detalles MARC
000 -ENCABEZADO
Número de control [NR] 00856cam a2200253Ma 4500
005 - FECHA Y HORA DE LA ÚLTIMA TRANSACCIÓN
control field 20160620092117.0
008 - DE LONGITUD FIJA DE DATOS DE ELEMENTOS - INFORMACIÓN GENERAL
Elementos de longitud fija [NR] 160620s2013 bl fr 000 0 por d
020 ## - NUMERO INTERNACIONAL NORMALIZADO PARA LIBROS [R]
Número Internacional Normalizado del libro [NR] 9788530944650
035 ## - NUMERO DE CONTROL DEL SISTEMA [R]
Número de control del sistema [NR] (OCoLC)857059287
040 ## - FUENTE DE CATALOGACION [NR]
Agencia de catalogación original [NR] CO-BoUCM
Idioma de catalogación [NR] spa
Quien Cataloga Sandra Palacio
Quien Clasifica Sandra Palacio
041 0# - CODIGO DE IDIOMA [R]
Código de idioma para texto/pista de sonido o título separado [R] Portugués
080 ## - NUMERO DE CLASIFICACION DECIMAL UNIVERSAL (CDU) [R]
Número de la Clasificación Decimal Universal [NR] 347.6
100 1# - ASIENTO PRINCIPAL--NOMBRE PERSONAL [NR]
Nombre personal [NR] Tavares, André Ramos
ID Autoridad 77825
245 10 - MENCION DE TITULO [NR]
Título [NR] Direito constitucional da empresa
Mención de responsabilidad, etc. [NR] André Ramos Tavares
260 ## - PUBLICACION, DISTRIBUCION, ETC. (PIE DE IMPRENTA) [R]
Lugar de publicación, distribución, etc. [R] Río de Janeiro (Brasil)
Nombre del editor, distribuidor, etc. [R] Editora método
Fecha de publicación, distribución, etc. [R] 2013
300 ## - DESCRIPCION FISICA [R]
Extensión [R] 269 páginas
504 ## - NOTA DE BIBLIOGRAFIA, ETC. [R]
Nota de bibliografía, etc. [NR] Incluye referencias bibliográficas
650 17 - ASIENTO SECUNDARIO DE MATERIA - TERMINO TEMATICO [R]
Término temático o nombre geográfico como elemento de entrada [NR] Derecho comercial
9 (RLIN) 12717
Subdivisión geográfica [R] Brasil
650 27 - ASIENTO SECUNDARIO DE MATERIA - TERMINO TEMATICO [R]
Término temático o nombre geográfico como elemento de entrada [NR] Derecho constitucional
9 (RLIN) 12725
Subdivisión geográfica [R] Brasil
650 #7 - ASIENTO SECUNDARIO DE MATERIA - TERMINO TEMATICO [R]
Término temático o nombre geográfico como elemento de entrada [NR] Derecho privado
9 (RLIN) 437
Subdivisión geográfica [R] Basil
690 ## - ASUNTO AGREGADO LOCAL DE ENTRADA - TÉRMINO TEMÁTICO (OCLC, RLIN)
Acceso temático local Derecho privado
9 (RLIN) 437
942 ## - ELEMENTOS DE ENTRADA AGREGADOS (KOHA)
Sistema de clasificación DEWEY
Tema principal Comunicación
Tipo de ítem principal el descrito en 300a Libro
Edición 1
Clasificación 346.07
Parte restante de la signatura top. R175de
Existencias
Fecha de último préstamo Total préstamos Signatura topográfica Código de barras Última vez visto Ejemplar Costo de reposición Price effective from Tipo de ítem Perdido Sistema de clasificación Dañado No prestable Tipo de ítem específico Suprimido Ubicación habitual Ubicación actual Localización Fecha de creación Proveedor Forma de adquisición Costo
24/08/2016 1 346.07 R175dc 100149764 06/06/2024 Ej.1 26000.00 09/06/2016 Libro   DEWEY     Libro   Bodega Bodega 3er piso 09/06/2016 12 Donación 0.00